|
|
|
|
| LEADER |
00000naa a22000002c 4500 |
| 001 |
1967518173 |
| 003 |
DE-627 |
| 005 |
20260327160544.0 |
| 007 |
cr uuu---uuuuu |
| 008 |
260327s2016 xx |||||o 00| ||ita c |
| 035 |
|
|
|a (DE-627)1967518173
|
| 035 |
|
|
|a (DE-599)BVBBV047336326
|
| 035 |
|
|
|a (DE-604)BV047336326
|
| 040 |
|
|
|a DE-627
|b ger
|c DE-627
|e rda
|
| 041 |
|
|
|a ita
|
| 084 |
|
|
|a 1
|2 ssgn
|
| 100 |
1 |
|
|a Lewiński, Przymysław August
|e VerfasserIn
|4 aut
|
| 245 |
1 |
0 |
|a I fondamenti dell’ideologia di Vladimir Il’ič Lenin circa la religione
|b = Fundamentals of the ideology of W.I. Lenin to religion
|c Ks. Przymysław August Lewiński
|
| 246 |
3 |
1 |
|a Fundamentals of the ideology of W.I. Lenin to religion
|
| 264 |
|
1 |
|c 2016
|
| 336 |
|
|
|a Text
|b txt
|2 rdacontent
|
| 337 |
|
|
|a Computermedien
|b c
|2 rdamedia
|
| 338 |
|
|
|a Online-Ressource
|b cr
|2 rdacarrier
|
| 546 |
|
|
|a Text italienisch.- Zusammenfassung in englischer Sprache
|
| 601 |
|
|
|a Ideologie
|
| 601 |
|
|
|a Religion
|
| 773 |
0 |
8 |
|i Enthalten in
|t Studia Gdańskie
|d Gdańsk : Wydawca Gdańskie Seminarium Duchowne, Kuria Metropolitalna Gdańska, 1973
|g 38(2016), Seite 161-178
|h Online-Ressource
|w (DE-627)734736541
|w (DE-600)2698326-6
|w (DE-576)37791004X
|x 2720-7102
|7 nnas
|
| 773 |
1 |
8 |
|g volume:38
|g year:2016
|g pages:161-178
|
| 856 |
4 |
0 |
|u http://studiagdanskie.diecezja.gda.pl/wydanie/tom-xxxviii-2016/
|m X:BVB
|x Verlag
|z lizenzpflichtig
|7 1
|
| 935 |
|
|
|a mteo
|
| 951 |
|
|
|a AR
|
| ELC |
|
|
|a 1
|
| ITA |
|
|
|a 1
|t 1
|
| LOK |
|
|
|0 000 xxxxxcx a22 zn 4500
|
| LOK |
|
|
|0 001 4943828728
|
| LOK |
|
|
|0 003 DE-627
|
| LOK |
|
|
|0 004 1967518173
|
| LOK |
|
|
|0 005 20260330121153
|
| LOK |
|
|
|0 008 260327||||||||||||||||ger|||||||
|
| LOK |
|
|
|0 035
|a (DE-Tue135)BVBBV047336326
|
| LOK |
|
|
|0 040
|a DE-Tue135
|c DE-627
|d DE-Tue135
|
| LOK |
|
|
|0 092
|o n
|
| LOK |
|
|
|0 852
|a DE-Tue135
|
| LOK |
|
|
|0 852 1
|9 00
|
| LOK |
|
|
|0 935
|a bvba
|
| LOK |
|
|
|0 939
|a 2026-03-27
|b l01
|
| OAS |
|
|
|a 1
|b inherited from superior work
|
| ORI |
|
|
|a TA-MARC-ixtheoa001.raw
|